Groupe Sous Hybe - Statistiques

Statistiques générales
  • Ce quiz a été pris 108 fois
  • Le résultat moyen est 7 sur 16
Statistiques - réponses
Par images Réponse % Correct
NewJeans
96%
TXT
96%
LE SSERAFIM
93%
Seventeen
82%
BTS
79%
Enhypen
68%
fromis_9
57%
Boynextdoor
42%
Gfriend
36%
&team
32%
2AM
12%
NU'EST
11%
Glam
10%
Hello Venus
5%
After School
4%
8Eight
2%
Aucun quiz correspondant
Distribution des résultats
% des personnes avec chaque résultat
Percentile par nombre de réponses
Votre historique - résultats
Vous n’avez pas pris ce quiz